000
00272nam a2200109Ia 4500
008
200302s9999 xx 000 0 und d
100
_a
Roger Yee
245
_a
Sports & Recreational Facilities
260
_b
Visual Reference Publications, NY
260
_c
2006
300
_a
189
999
_c
4519
_d
4519